Personnages Star Wars par leurs acteurs - Statistiques

Statistiques générales
  • Ce quiz a été pris 16 fois
  • Le résultat moyen est 12 sur 16
Statistiques - réponses
Par images Réponse % Correct
Anakin Skywalker
100%
Leia Organa
94%
Luke Skywalker
94%
Padmé Amidala
94%
Han Solo
88%
Obi-Wan Kenobi
88%
Palpatine / Dark Sidious
88%
Rey
88%
Kylo Ren / Ben Solo
75%
Comte Doku
69%
Finn
69%
Mace Windu
69%
Qui-Gon Jinn
69%
Poe Dameron
56%
C-3PO
38%
Dark Vador
38%
Aucun quiz correspondant
Distribution des résultats
% des personnes avec chaque résultat
Percentile par nombre de réponses
Votre historique - résultats
Vous n’avez pas pris ce quiz